Inside the house of lords (Record no. 223667)
[ view plain ]
| 000 -LEADER | |
|---|---|
| fixed length control field | 01797nam a22002417a 4500 |
| 005 - DATE AND TIME OF LATEST TRANSACTION | |
| control field | 20220709093854.0 |
| 008 - FIXED-LENGTH DATA ELEMENTS--GENERAL INFORMATION | |
| fixed length control field | 220709b ||||| |||| 00| 0 eng d |
| 020 ## - INTERNATIONAL STANDARD BOOK NUMBER | |
| International Standard Book Number | 0004140478 |
| 040 ## - CATALOGING SOURCE | |
| Transcribing agency | Aloy |
| 082 ## - DEWEY DECIMAL CLASSIFICATION NUMBER | |
| Edition number | 23 |
| Classification number | 328.4 |
| Item number | ASLI |
| 100 ## - MAIN ENTRY--PERSONAL NAME | |
| Personal name | Clive Aslet |
| 100 ## - MAIN ENTRY--PERSONAL NAME | |
| 9 (RLIN) | 47857 |
| 100 ## - MAIN ENTRY--PERSONAL NAME | |
| Dates associated with a name | Derry Moore |
| 9 (RLIN) | 47858 |
| 245 ## - TITLE STATEMENT | |
| Title | Inside the house of lords |
| 260 ## - PUBLICATION, DISTRIBUTION, ETC. | |
| Place of publication, distribution, etc. | London: |
| Name of publisher, distributor, etc. | Harper Collins Publishers, |
| Date of publication, distribution, etc. | 1998 |
| 300 ## - PHYSICAL DESCRIPTION | |
| Extent | 192p. |
| Other physical details | HB |
| Dimensions | 29x26cm. |
| 365 ## - TRADE PRICE | |
| Source of price type code | Political Science |
| 520 ## - SUMMARY, ETC. | |
| Summary, etc. | Derry Moore’s exclusive colour photographs and Clive Aslet’s authoritative text provide a sumptuous architectural and historical appreciation of the Upper House.<br/>INTRODUCTION<br/>A perspective from different peers, for example, Lord Hurd, Lord Patten, Lady Marr, Lord Ferrers, etc.<br/>THE BUILDING AND ITS TRADITIONS<br/>This describes the architecture in detail; how Barry and Pugin arrived at the final designs.<br/>Also, the traditions and procedures of the Upper House – for example, the Lord Chancellor’s Procession, the Woolsack.<br/>ITS HISTORY<br/>The history as the Victorians saw it. Every square inch of the Palace of Westminster symbolises the Victorians’ sense of their past, surviving as part of a continuous tradition of democracy. This chapter would examine the key points that the Victorians sought to emphasise, in the light of modern historical knowledge.<br/>KEY EVENTS<br/>The key events that shaped the House of Lords up to the present day – the Great Reform Act, the 1911 debacle with Lloyd-George,<br/>WHAT THE LORDS DO TODAY<br/>An analysis of the function of the chamber. Discussion of the alternatives, with reform in mind. |
| 650 ## - SUBJECT ADDED ENTRY--TOPICAL TERM | |
| Topical term or geographic name entry element | Political Science |
| 9 (RLIN) | 47859 |
| 650 ## - SUBJECT ADDED ENTRY--TOPICAL TERM | |
| Topical term or geographic name entry element | Great Britain Parliament |
| 9 (RLIN) | 47860 |
| 700 ## - ADDED ENTRY--PERSONAL NAME | |
| Personal name | ASLET (Clive) |
| 9 (RLIN) | 47861 |
| 700 ## - ADDED ENTRY--PERSONAL NAME | |
| Personal name | MOORE (Derry) |
| 9 (RLIN) | 47862 |
| 942 ## - ADDED ENTRY ELEMENTS (KOHA) | |
| Source of classification or shelving scheme | Dewey Decimal Classification |
| Koha item type | George Fernandes Collections |
| Withdrawn status | Lost status | Source of classification or shelving scheme | Damaged status | Not for loan | Collection code | Home library | Current library | Date acquired | Total Checkouts | Full call number | Barcode | Date last seen | Price effective from | Koha item type |
|---|---|---|---|---|---|---|---|---|---|---|---|---|---|---|
| Dewey Decimal Classification | Political Science | St Aloysius Library | St Aloysius Library | 03/24/2013 | 328.4 ASLI | GF03540 | 07/09/2022 | 07/09/2022 | George Fernandes Collections |